|
|
|
|
| LEADER |
00000nam0a2200000 4500 |
| 001 |
36904 |
| 005 |
20231101210411.0 |
| 010 |
|
|
|a 5895940188
|
| 035 |
|
|
|a (RuTPU)RU\TPU\book\37405
|
| 035 |
|
|
|a RU\TPU\temp\37
|
| 090 |
|
|
|a 36904
|
| 100 |
|
|
|a 20011211d1999 m y0rusy50 ca
|
| 101 |
0 |
|
|a rus
|
| 102 |
|
|
|a RU
|
| 105 |
|
|
|a a j 001zy
|
| 200 |
1 |
|
|a Переработка промышленных отходов
|e учебник для вузов
|f Б. Б. Бобович
|
| 210 |
|
|
|a Москва
|c Интермет Инжиниринг
|d 1999
|
| 215 |
|
|
|a 445 с.
|c ил.
|
| 320 |
|
|
|a Библиогр.: с. 437-445.
|
| 606 |
1 |
|
|a Промышленные отходы
|x Переработка
|2 stltpush
|3 (RuTPU)RU\TPU\subj\52543
|9 70955
|
| 610 |
1 |
|
|a промышленность
|
| 610 |
1 |
|
|a транспортировка
|
| 610 |
1 |
|
|a захоронения
|
| 610 |
1 |
|
|a металлы
|
| 610 |
1 |
|
|a шлаки
|
| 610 |
1 |
|
|a полимеры
|
| 610 |
1 |
|
|a текстильные отходы
|
| 610 |
1 |
|
|a древесина
|
| 610 |
1 |
|
|a макулатура
|
| 610 |
1 |
|
|a жидкие отходы
|
| 610 |
1 |
|
|a пастообразные отходы
|
| 610 |
1 |
|
|a учебники
|
| 675 |
|
|
|a 658.567.1(075.8)
|v 3
|
| 700 |
|
1 |
|a Бобович
|b Б. Б.
|g Борис Борисович
|
| 801 |
|
1 |
|a RU
|b TPU
|c 20011210
|g PSBO
|
| 801 |
|
2 |
|a RU
|b 63413507
|c 20141114
|g PSBO
|
| 900 |
|
|
|a Ресурсосберегающие технологии и охрана окружающей сред
|
| 900 |
|
|
|a Теоретические основы процессов переработки отходов производства
|
| 900 |
|
|
|a Технология основных производств, утилизации и переработки отходов
|
| 942 |
|
|
|c BK
|
| 952 |
|
|
|a 511100
|b 013100
|